Представление документа в формате MARC21

Поле Инд. ПП Название Значение
Тип записи m
Библиографический уровень m
001 Контрольный номер RU/LIBMSTU/386681590
005 Дата корректировки 20230131142507.0
008 Кодируемые данные 121029|||||||||ru |||||||||||000|||rus||
040 b Код языка каталог. rus
e Правила каталог. PSBO
041 0_ a Код языка текста rus
084 a Индекс другой классификации/Индекс ББК 67.400.7
245 10 a Заглавие Зарубежный опыт государственного и муниципального управления
b Продолж. заглавия метод. указания к самостоят. работе для студентов специальности 080504.65 "Государственное и муниципальное управление" оч. формы обучения
c Ответственность Федер. агентство по рыболовству, Мурман. гос. техн. ун-т, Каф. менеджмента, коммерции, маркетинга и рекламы ; сост. И. В. Татарникова
h Физич. носитель Электронный ресурс
256 a Характеристики компьютерного файла Электрон. текстовые дан. (1 файл : 223 Кб)
260 a Место издания Мурманск
b Издательство Изд-во МГТУ
c Дата издания 2011
500 10 a Примечание Доступ из локальной сети Мурман. гос. техн. ун-та. - Загл. с экрана
583 x Служебное примечание Полнотекстовые документы
x Служебное примечание Труды преподавателей МГТУ
z Открытое примечание Для студентов экономических специальностей
653 1_ a Ключевые слова Методические указания; Управление государственное за рубежом; Управление муниципальное за рубежом; Электронные версии; Труды преподавателей МГТУ
856 0_ u URL https://elib.mauniver.ru/2011/M_11_180.pdf
901 t Тип документа m
952 c Вид литературы учебно-методическое издание